| 000 | 00589nam a2200205Ia 4500 | ||
|---|---|---|---|
| 003 | OSt | ||
| 005 | 20250902154417.0 | ||
| 008 | 220917b |||||||| |||| 00| 0 eng d | ||
| 020 | _a0805834044 (hbk) | ||
| 037 | _cTB | ||
| 040 |
_aARTS _cARTS _beng |
||
| 041 |
_2eng _aeng |
||
| 084 |
_aSN1,38:7 P0 _qAL |
||
| 245 | 0 | _aBehavior health and agiang edited by Stephen B.Manuck...(et.al.) | |
| 260 |
_aNew Jersey _bErlbaum Associates Publishers _c2000 |
||
| 300 |
_axi, 265p. _ccm. |
||
| 650 | _aPSYCHOLOGY | ||
| 942 |
_hSN1,38:7 P0 _cTB _2CC _n0 |
||
| 999 |
_c127243 _d127243 |
||